| 000 | 01680cam a22003495i 4500 | ||
|---|---|---|---|
| 999 |
_c14897 _d14897 |
||
| 001 | 15922449 | ||
| 003 | EG-ScBUE | ||
| 005 | 20210131172325.0 | ||
| 008 | 090925t20092009nyua g 000 1 eng d | ||
| 020 | _a9780385504225 | ||
| 035 | _a(OCoLC)ocn399843314 | ||
| 040 |
_aUPZ _cUPZ _dDOV _dJZ6 _dDCB _dKEU _dUUC _dBTCTA _dYDXCP _dABG _dFN4 _dDLC _beng _erda |
||
| 043 | _an-us-dc | ||
| 082 | 0 | 4 |
_a813.54 _bBRO _222 |
| 100 | 1 |
_aBrown, Dan, _d1964- _eauthor. |
|
| 245 | 1 | 4 |
_aThe lost symbol : _ba novel / _cDan Brown. |
| 250 | _aFirst edition. | ||
| 264 | 1 |
_aNew York : _bDoubleday, _c[2009] |
|
| 264 | 4 | _cc2009 | |
| 300 |
_a509 pages : _billustrations ; _c25 cm |
||
| 336 |
_atext _btxt _2rdacontent |
||
| 337 |
_aunmediated _bn _2rdamedia |
||
| 338 |
_avolume _bnc _2rdacarrier |
||
| 520 | _aSymbologist Robert Langdon returns in this new thriller follow-up to The Da Vinci Code. | ||
| 650 | 7 |
_aCryptographers _vFiction. _2BUEsh _921828 |
|
| 650 | 7 |
_aFreemasonry _vFiction. _2BUEsh _921829 |
|
| 651 | 7 |
_aWashington (D.C.) _vFiction. _2BUEsh _921830 |
|
| 653 |
_bHHUUEENN _cJanuary2021 |
||
| 942 |
_2ddc _cBB |
||